000 01142nam0a22003011 4500
001 RU\NLR\INFOCOMM_195\5000039562
005 20250613091900.0
035 _a(NLR Aleph) 009136739
090 _a8310753
_c8310753
100 _a20090909d1976 |||y0rusy50 ca
101 0 _aspa
102 _aRU
105 _ay ||||000|y
200 1 _aQuién y como hace el juego a los monopólios
_eRevisionismo y oportunismo de "izquierda" contra teoría y práctica revolucionaria
_f[Por] V. Bogorad [y] R. Matvéiev
210 _aМосква
_cEd. de la Agencia de prensa "Nóvosti"
_d1976
215 _a56 с.
_d17 см
300 _aВ вып. дан.: В. Богорад, Р. Матвеев. Кто и как подыгрывает интересам монополий
606 _aМонополии
_2nlr_sh1
686 _aУ8-13
_2rubbk
700 1 _9z02790
_aBogorad
_bV. A.
_4070
701 1 _9z03790
_aMatveev
_bR. F.
_gRoal'd Fedorovič
_4070
790 1 _9z02700
_aBogorad
_bV.
_4070
790 1 _9z03701
_aMatvéiev
_bR.
_4070
801 1 _aRU
_bNLR
_c20090909
801 0 _aRU
_bNLR
_gPSBO
852 _aNLR
_jЭк21 Д-2/59
942 _cBOOK
980 _aNB